00221nam a2200097Ia 4500008004100000041000800041100001400049245003100063650001000094999001900104230605s9999 xx 000 0 und d aeng acharlotte aOxford a-z better spelling aDict. c417345d417345